[Event "World Senior 65+ 2014"]
[Site "Katerini GRE"]
[Date "2014.10.28"]
[Round "5.22"]
[White "Morriss, Pete"]
[Black "Hohler, Peter"]
[Result "1-0"]
[BlackTitle "FM"]
[WhiteElo "2032"]
[BlackElo "2187"]
[WhiteFideId "2500230"]
[BlackFideId "1300296"]
[EventDate "2014.10.24"]

1. b4 d5 2. Bb2 Qd6 3. a3 e5 4. Nf3 Nd7 5. e3 e4 6. Nd4 c6 7. c4 dxc4 8. Bxc4
Qg6 9. g3 Ne5 10. Be2 h5 11. Nb5 cxb5 12. Bxe5 a6 13. Nc3 Ne7 14. Bf4 h4 15. a4
bxa4 16. Rxa4 hxg3 17. Bxg3 Bf5 18. b5 a5 19. Qb1 Nc8 20. b6 Bd6 21. Bb5+ Kf8
22. Nd5 Bxg3 23. fxg3 Qd6 24. Rd4 Nxb6 25. O-O Qh6 26. Rf2 Nxd5 27. Rxd5 g6 28.
Bc4 Rc8 29. Qb5 Be6 30. Rd4 Qh3 31. Qxa5 Bxc4 32. Qb4+ Kg7 33. Rxc4 Ra8 34. Qb2+
Kg8 35. Rc7 Qe6 36. Rfxf7 Qxf7 37. Rxf7 Kxf7 38. Qxb7+ Kf6 39. Qxe4 Rhd8 40. d4
Ra1+ 41. Kg2 Rda8 42. Qe5+ Kf7 43. d5 R1a2+ 44. Kf3 Re8 45. Qc7+ Kf6 46. g4 Rf8
47. h4 g5 48. h5 Rfa8 49. h6 R2a7 50. Qd6+ Kf7 51. Qe6+ Kf8 52. Qg6 Re8 53. h7
Rf7+ 1-0

[Event "World Senior 65+ 2014"]
[Site "Katerini GRE"]
[Date "2014.10.28"]
[Round "5.23"]
[White "Nickl, Klaus"]
[Black "Borwell, Alan P"]
[Result "1/2-1/2"]
[WhiteElo "2113"]
[BlackElo "2032"]
[WhiteFideId "1601024"]
[BlackFideId "2402335"]
[EventDate "2014.10.24"]

1. d4 Nf6 2. Nf3 b6 3. e3 Bb7 4. Bd3 d6 5. O-O g6 6. c4 Bg7 7. Nc3 O-O 8. e4
Nbd7 9. Re1 e5 10. d5 a5 11. Bd2 Nh5 12. g3 Nc5 13. Be2 Bc8 14. Be3 f5 15. Bxc5
bxc5 16. exf5 Bxf5 17. Nd2 Nf6 18. f3 Bh6 19. Bf1 Qd7 20. Nde4 Nxe4 1/2-1/2

[Event "World Senior 65+ 2014"]
[Site "Katerini GRE"]
[Date "2014.10.28"]
[Round "5.24"]
[White "Kayaman, Metin"]
[Black "Kratschmer, Heinz"]
[Result "0-1"]
[WhiteElo "1878"]
[BlackElo "2109"]
[WhiteFideId "6301185"]
[BlackFideId "1606670"]
[EventDate "2014.10.24"]

1. c4 Nf6 2. Nc3 d5 3. d4 g6 4. Nf3 Bg7 5. g3 c6 6. cxd5 cxd5 7. Bg2 O-O 8. O-O
Ne4 9. e3 Nxc3 10. bxc3 Nc6 11. a4 Bf5 12. Ba3 Rc8 13. Nh4 Be6 14. Qe2 Na5 15.
Rfc1 Nb3 16. Qb5 Nxa1 17. Rxa1 Rxc3 18. Qxb7 Qc8 19. Qxe7 Re8 20. Qb4 Bf8 21.
Qb2 Bxa3 22. Rxa3 Rc1+ 23. Bf1 Qc4 24. Qb5 Rxf1+ 0-1

[Event "World Senior 65+ 2014"]
[Site "Katerini GRE"]
[Date "2014.10.28"]
[Round "5.25"]
[White "Meizlin, Yaacov"]
[Black "Robinson, John K"]
[Result "1-0"]
[WhiteElo "2105"]
[BlackElo "1983"]
[WhiteFideId "2812185"]
[BlackFideId "406490"]
[EventDate "2014.10.24"]

1. e4 e5 2. Nf3 Nc6 3. Bb5 a6 4. Ba4 Nf6 5. O-O Be7 6. Re1 b5 7. Bb3 d6 8. c3
Na5 9. Bc2 c5 10. h3 Qc7 11. d3 O-O 12. Nbd2 Nc6 13. Nf1 d5 14. Ne3 dxe4 15.
dxe4 c4 16. Qe2 Qb7 17. Nd5 h6 18. b3 cxb3 19. axb3 b4 20. cxb4 Bxb4 21. Nxf6+
gxf6 22. Rd1 Kh7 23. Qe3 Nd4 24. Nxd4 exd4 25. Qxh6+ Kg8 26. e5 f5 27. Rd3 1-0

[Event "World Senior 65+ 2014"]
[Site "Katerini GRE"]
[Date "2014.10.28"]
[Round "5.26"]
[White "Blaushtain, Boris"]
[Black "Savolainen, Lev P."]
[Result "0-1"]
[BlackTitle "FM"]
[WhiteElo "2018"]
[BlackElo "2083"]
[WhiteFideId "2804638"]
[BlackFideId "4135792"]
[EventDate "2014.10.24"]

1. c4 e6 2. d4 d5 3. Nc3 Nf6 4. Nf3 Ne4 5. Qc2 f5 6. a3 c6 7. e3 Nd7 8. Bd3 Bd6
9. Ne2 O-O 10. c5 Bc7 11. b4 a6 12. Nd2 e5 13. O-O Nxd2 14. Qxd2 e4 15. Bc2 Qh4
16. Nf4 g5 17. g3 Qh6 18. Ng2 Nf6 19. h4 Ng4 20. Bd1 f4 21. exf4 gxh4 22. Ne3
Nh2 23. Re1 Rf7 24. Nf1 Nxf1 25. Rxf1 Rg7 26. Qe3 hxg3 27. fxg3 Qh3 28. Rf2
Rxg3+ 29. Qxg3+ Qxg3+ 30. Rg2 Qg6 31. Bh5 Qxg2+ 32. Kxg2 Bd7 33. Be3 a5 34. bxa5
Bxa5 35. a4 Kg7 36. Ra2 Kf6 37. Rb2 Rg8+ 38. Kh2 Bc8 39. Rg2 Rxg2+ 40. Kxg2 b6
41. cxb6 Bxb6 42. Kg3 Bd7 43. Kh4 Ba5 44. Bg4 Be1+ 45. Kh3 Be8 46. Be2 Bc3 47.
Bd1 h5 48. Bb3 Kf5 49. Kh4 c5 50. dxc5 d4 51. Bc1 e3 0-1

[Event "World Senior 65+ 2014"]
[Site "Katerini GRE"]
[Date "2014.10.28"]
[Round "5.27"]
[White "Koryabkin, Valery"]
[Black "Belokopyt, Boris"]
[Result "1-0"]
[WhiteElo "2072"]
[BlackElo "1940"]
[WhiteFideId "24113115"]
[BlackFideId "4152530"]
[EventDate "2014.10.24"]

1. d4 Nf6 2. c4 e6 3. Nf3 d5 4. Nc3 c5 5. e3 Nc6 6. Bd3 a6 7. a4 Be7 8. O-O O-O
9. b3 Qc7 10. Bb2 b6 11. Qe2 Nb4 12. Bb1 Bb7 13. dxc5 bxc5 14. cxd5 exd5 15. Na2
a5 16. Be5 Qc6 17. Rc1 Qe6 18. Nxb4 axb4 19. Bb2 d4 20. Re1 Bxf3 21. gxf3 Bd6
22. Kg2 Rfe8 23. Bd3 Nd5 24. Be4 Qh6 25. Rh1 Rad8 26. Rae1 Re5 27. h4 Nc3 28.
Bxc3 bxc3 29. Qc4 Be7 30. exd4 Rh5 31. d5 Rxh4 32. Rxh4 Qxh4 33. Qxc3 Qg5+ 34.
Kf1 Bd6 35. Qe3 Qh4 36. Ke2 g6 37. Rg1 Kf8 38. Qg5 Qxg5 39. Rxg5 h5 40. Rg1 Ke7
41. Bd3 h4 42. a5 h3 43. Ke3 h2 44. Rh1 g5 45. a6 Ra8 46. Ke4 Kf6 47. Bc4 Kg6
48. Kd3 Kf5 49. Bb5 Kf4 50. Rxh2 Kxf3 51. Rh5 f6 52. Rh6 Be5 53. d6 Kxf2 54. d7
g4 55. Bc6 Rxa6 56. d8=Q Rxc6 57. Qg8 g3 58. Rg6 Rd6+ 59. Kc4 Rd4+ 60. Kxc5 Rh4
61. Qd5 Rh2 62. Qd2+ Kf1 63. Qd3+ Kf2 64. Qf5+ Ke3 65. Rg4 g2 66. Re4+ Kd2 67.
Qf2+ Kd3 68. Qe2+ Kc3 69. Rc4+ 1-0

[Event "World Senior 65+ 2014"]
[Site "Katerini GRE"]
[Date "2014.10.28"]
[Round "5.28"]
[White "Doubleday, William G."]
[Black "Rave, Avraham"]
[Result "1/2-1/2"]
[WhiteElo "2057"]
[BlackElo "1838"]
[WhiteFideId "2682419"]
[BlackFideId "2805367"]
[EventDate "2014.10.24"]

1. d4 d5 2. c4 c6 3. e3 Nf6 4. Nc3 e6 5. Nf3 a6 6. b3 Bb4 7. Bd2 Nbd7 8. Bd3 Bd6
9. O-O e5 10. cxd5 cxd5 11. dxe5 Nxe5 12. Be2 O-O 13. h3 b5 14. Nd4 Bb7 15. Rc1
Rc8 16. Rc2 Ne4 17. Nxe4 dxe4 18. Rxc8 Qxc8 19. f4 exf3 20. Nxf3 h6 21. Ba5 Bb8
22. Qd4 Nc6 23. Qd2 Nxa5 24. Qxa5 Ba7 25. Nd4 Re8 26. Qd2 Qd7 27. Bg4 Qe7 28.
Nf5 Bxe3+ 29. Nxe3 Qxe3+ 30. Qxe3 Rxe3 31. Rc1 Re7 32. Bc8 g6 33. Bxb7 Rxb7 34.
Rc8+ Kg7 35. Ra8 Rb6 36. Ra7 g5 37. g4 Rf6 38. Kg2 Rc6 39. a4 Rb6 40. axb5 Rxb5
41. Rxa6 Rxb3 42. Rc6 Rb4 43. Kg3 Rf4 44. Ra6 Rf6 45. Ra5 Rc6 46. Rb5 Kg6 47.
Ra5 h5 48. Rb5 Rc3+ 49. Kg2 Rc4 50. Kg3 Rf4 51. Ra5 1/2-1/2

[Event "World Senior 65+ 2014"]
[Site "Katerini GRE"]
[Date "2014.10.28"]
[Round "5.29"]
[White "Acosta, Mariano USA"]
[Black "Kiselev, Alexander"]
[Result "1-0"]
[WhiteElo "1942"]
[BlackElo "2122"]
[WhiteFideId "2008629"]
[BlackFideId "14105900"]
[EventDate "2014.10.24"]

1. Nf3 d5 2. c4 d4 3. b4 f6 4. e3 e5 5. c5 a5 6. Nxe5 Qd5 7. Qa4+ Nd7 8. Nf3
dxe3 9. fxe3 Qe4 10. d4 b5 11. Bxb5 axb4 12. Qxb4 Kd8 13. Qd2 Nh6 14. Nc3 Qe6
15. O-O g6 16. Qd3 Nf7 17. Bc4 1-0

[Event "World Senior 65+ 2014"]
[Site "Katerini GRE"]
[Date "2014.10.28"]
[Round "5.30"]
[White "El Gheiadi, I."]
[Black "Lelis, Janis"]
[Result "0-1"]
[WhiteElo "2085"]
[BlackElo "1846"]
[WhiteFideId "9200037"]
[BlackFideId "11604328"]
[EventDate "2014.10.24"]

1. e4 e5 2. Nf3 d5 3. Nxe5 Bd6 4. d4 dxe4 5. Nc4 f5 6. Nxd6+ cxd6 7. d5 Nf6 8.
Nc3 O-O 9. Be2 a6 10. Bg5 h6 11. Be3 Bd7 12. h3 Qe7 13. g4 Nh7 14. gxf5 Bxf5 15.
Qd2 Nd7 16. Bg4 Ne5 17. O-O-O Nc4 18. Qe2 Nxe3 19. fxe3 Bxg4 20. Qxg4 Rae8 21.
Rhg1 Rf7 22. Rd4 Qg5 23. Nxe4 Qxe3+ 24. Nd2 Ng5 25. Rd3 Qe2 26. b3 Qxg4 27. Rxg4
Rf2 28. h4 Re1+ 29. Kb2 Nf7 30. Nc4 b5 31. Re3 Rxe3 32. Nxe3 a5 33. a4 Ne5 34.
Rg2 Rf3 35. Ng4 bxa4 36. bxa4 Nc4+ 37. Kb1 h5 38. Nh2 Rf5 39. Re2 Kf7 40. Ka2
Rxd5 41. Nf3 Ne5 42. Ng5+ Ke7 43. c4 Rd4 44. Nf3 Rxc4 45. Nxe5 Rxa4+ 46. Kb3
Rb4+ 47. Kc3 dxe5 48. Rxe5+ Kf6 49. Rxh5 Rg4 50. Rxa5 Rxh4 51. Kd3 Rf4 52. Ke3
Rf5 53. Ra8 Kg5 54. Ra4 g6 55. Rb4 Rf6 56. Ra4 Kh5 57. Rb4 g5 58. Rb1 g4 59.
Rh1+ Kg5 60. Rg1 Kh4 61. Rh1+ Kg3 62. Rg1+ Kh3 63. Ke2 g3 64. Rh1+ Kg2 65. Rh4
Re6+ 66. Kd3 Kg1 67. Rh5 g2 68. Rh8 Re5 69. Rg8 Kf2 70. Rf8+ Kg3 71. Rg8+ Kf3
72. Rg7 Rd5+ 73. Kc2 Rd4 0-1

[Event "World Senior 65+ 2014"]
[Site "Katerini GRE"]
[Date "2014.10.28"]
[Round "5.32"]
[White "Ben-Zeev, Moshe"]
[Black "Gromark, Per-Olof"]
[Result "0-1"]
[WhiteElo "1963"]
[BlackElo "2050"]
[WhiteFideId "2807203"]
[BlackFideId "1722433"]
[EventDate "2014.10.24"]

1. d4 Nf6 2. Bg5 e6 3. Nf3 h6 4. Bh4 b6 5. c4 Be7 6. Nc3 Bb7 7. e3 O-O 8. Be2 d6
9. O-O Nbd7 10. Qc2 c5 11. Rfd1 a6 12. b3 Rc8 13. a4 Re8 14. Rd2 cxd4 15. exd4
d5 16. Ne5 g5 17. Bg3 Bb4 18. f3 Nh5 19. Bd3 Nxg3 20. hxg3 Nxe5 21. dxe5 Qc7 22.
Re2 Qc5+ 23. Kf1 Qd4 24. Rc1 Red8 25. Nd1 dxc4 26. Bg6 Bf8 27. b4 fxg6 28. Qxg6+
Bg7 29. Ne3 Rf8 30. Ng4 Qxg4 0-1

[Event "World Senior 65+ 2014"]
[Site "Katerini GRE"]
[Date "2014.10.28"]
[Round "5.33"]
[White "Rubinstein, Mark"]
[Black "Marcovici, Adrian"]
[Result "0-1"]
[WhiteElo "1931"]
[BlackElo "2042"]
[WhiteFideId "2807076"]
[BlackFideId "2801175"]
[EventDate "2014.10.24"]

1. c4 e5 2. Nc3 Nf6 3. g3 d5 4. cxd5 Nxd5 5. Bg2 Ne7 6. d3 Nbc6 7. Nf3 Nf5 8.
O-O Be7 9. b3 O-O 10. Bb2 f6 11. Rc1 Ncd4 12. e3 Nxf3+ 13. Bxf3 c6 14. Qe2 Re8
15. Rfd1 Bf8 16. Qc2 Be6 17. Ne2 Nd6 18. Nc3 Qc8 19. Qe2 Bf5 20. e4 Be6 21. h4
Qd7 22. Kg2 Rad8 23. g4 Nf7 24. Rd2 b6 25. Nd1 c5 26. Ne3 Nd6 27. Kg3 g6 28. Nd5
Bxd5 29. exd5 Bh6 0-1

[Event "World Senior 65+ 2014"]
[Site "Katerini GRE"]
[Date "2014.10.28"]
[Round "5.34"]
[White "Pihlajamaki, Antti"]
[Black "Carlsten, Peter"]
[Result "0-1"]
[WhiteElo "1863"]
[BlackElo "2031"]
[WhiteFideId "503290"]
[BlackFideId "1705067"]
[EventDate "2014.10.24"]

1. e4 d6 2. d4 Nf6 3. Bd3 e5 4. c3 Be7 5. Ne2 Nbd7 6. Ng3 O-O 7. O-O d5 8. f4
dxe4 9. Nxe4 exd4 10. cxd4 Nb6 11. Kh1 Qxd4 12. Qe2 Rd8 13. Nxf6+ Bxf6 14. Rd1
Bf5 15. Bc2 Qc4 16. Qxc4 Nxc4 17. Bb3 Rxd1+ 18. Bxd1 Nxb2 0-1

[Event "World Senior 65+ 2014"]
[Site "Katerini GRE"]
[Date "2014.10.28"]
[Round "5.35"]
[White "Zamahari, Abang Draup"]
[Black "Awawdeh, Fayez"]
[Result "0-1"]
[BlackTitle "FM"]
[WhiteElo "1603"]
[BlackElo "2012"]
[WhiteFideId "5704057"]
[BlackFideId "8100721"]
[EventDate "2014.10.24"]

1. d4 d5 2. e3 Nf6 3. c4 c6 4. Nc3 a6 5. Nf3 e6 6. cxd5 exd5 7. Bd3 Bd6 8. h3 h6
9. O-O O-O 10. Nh2 b5 11. a3 Qc7 12. f4 Re8 13. Re1 c5 14. Kh1 Nc6 15. dxc5 Bxc5
16. b4 Ba7 17. Bd2 Bb7 18. Rc1 Qd6 19. Ng4 Rad8 20. Nxf6+ Qxf6 21. Qf3 Ne7 22.
Qf2 Nf5 23. Bxf5 Qxf5 24. Kh2 h5 25. Ne2 Bb6 26. Nd4 Qe4 27. Qf3 Bxd4 28. Qxe4
dxe4 29. exd4 Rxd4 30. Bc3 Rd3 31. Rc2 Rc8 32. Rec1 e3 33. Kg1 Rc4 34. Be5 Rxc2
35. Rxc2 Rd1+ 36. Kh2 Rd2 37. Rb2 e2 38. Rxd2 e1=Q 39. Bc3 Qe3 40. Rd8+ Kh7 41.
Be5 Qf2 0-1

[Event "World Senior 65+ 2014"]
[Site "Katerini GRE"]
[Date "2014.10.28"]
[Round "5.36"]
[White "Benson, Lachlan"]
[Black "Borensztajn, David"]
[Result "1-0"]
[WhiteElo "1998"]
[BlackElo "1940"]
[WhiteFideId "3205410"]
[BlackFideId "2106817"]
[EventDate "2014.10.24"]

1. d4 d5 2. c4 c6 3. Nf3 Nf6 4. e3 a6 5. Nc3 Bf5 6. cxd5 cxd5 7. Bd3 Bxd3 8.
Qxd3 e6 9. O-O Nc6 10. a3 Be7 11. b4 b5 12. Bb2 Rc8 13. Rac1 O-O 14. Nd2 e5 15.
Nb3 e4 16. Qd2 Bd6 17. Qe2 Nb8 18. Nc5 Qb6 19. f3 Rce8 20. fxe4 dxe4 21. Rxf6
Bxh2+ 22. Kxh2 Qxf6 23. Rf1 Qh6+ 24. Kg1 f5 25. Nd5 Qd6 26. Nf4 Rf6 27. Nh5 Rf7
28. Nf4 Rf6 29. d5 Rh6 30. Nce6 Re7 31. Qc2 Re8 32. Nxg7 Rf8 33. Qc3 Kf7 34.
Nxf5 1-0

[Event "World Senior 65+ 2014"]
[Site "Katerini GRE"]
[Date "2014.10.28"]
[Round "5.37"]
[White "Tobar Salas, Juan Carlos"]
[Black "Andreas, Guenter"]
[Result "0-1"]
[WhiteElo "1538"]
[BlackElo "1992"]
[WhiteFideId "3416682"]
[BlackFideId "24625760"]
[EventDate "2014.10.24"]

1. d4 d5 2. Nf3 Nf6 3. Bf4 e6 4. e3 Nbd7 5. c3 c5 6. Nbd2 Be7 7. Bd3 Nh5 8. Bg3
Nxg3 9. hxg3 Qc7 10. g4 b6 11. Qe2 Bb7 12. e4 O-O-O 13. O-O Qf4 14. Nh2 h5 15.
g3 Qh6 16. gxh5 g6 17. e5 gxh5 18. Kg2 Rdg8 19. Rh1 h4 20. g4 h3+ 21. Kf1 f6 22.
Ndf3 Qf4 23. Ba6 f5 24. Qe3 Bxa6+ 25. Ke1 Qxe3+ 26. fxe3 fxg4 0-1

[Event "World Senior 65+ 2014"]
[Site "Katerini GRE"]
[Date "2014.10.28"]
[Round "5.38"]
[White "Hernandez M., Emilio Gustavo"]
[Black "Pitzl, Konstantinos"]
[Result "0-1"]
[WhiteElo "1801"]
[BlackElo "2048"]
[WhiteFideId "3901475"]
[BlackFideId "1627112"]
[EventDate "2014.10.24"]

1. d4 Nf6 2. c4 g6 3. Nc3 Bg7 4. Nf3 O-O 5. e4 d6 6. Be2 a5 7. O-O Nbd7 8. h3 e5
9. Be3 Re8 10. Qc2 c6 11. Rad1 Qe7 12. dxe5 dxe5 13. Bg5 Nc5 14. Ne1 Ne6 15. Be3
Nd7 16. Nd3 Nd4 17. Qc1 Nc5 18. Nxc5 Qxc5 19. Bd3 Be6 20. Ne2 Rad8 21. Nxd4 exd4
22. Bh6 Rf8 23. Bxg7 Kxg7 24. Qd2 f5 25. exf5 Bxf5 26. Rfe1 Rd7 27. a3 a4 28.
Re2 Bxd3 29. Qxd3 Qf5 30. Qxf5 Rxf5 31. Rd3 Rc5 32. Kf1 Rxc4 33. Ke1 b5 34. Kd2
b4 35. b3 axb3 36. Rxb3 bxa3 37. Rxa3 c5 38. Kd3 Rb4 39. Rc2 Rb5 40. Kc4 Rb1 41.
Kd3 Rb5 42. Ra4 Rdb7 43. Ra3 Rb3+ 44. Rxb3 Rxb3+ 45. Kc4 Rb7 46. Kd3 Rc7 47. Ke4
Kf6 48. Ra2 Ke6 49. Ra6+ Ke7 50. f4 Kd7 51. g4 Ke7 52. f5 gxf5+ 53. gxf5 Kf7 54.
Kd3 Rd7 55. Rc6 Rd5 56. Ke4 d3 57. Rc7+ Kf6 58. Rc6+ Kg5 59. h4+ Kh5 60. Kxd5 d2
61. Ke6 d1=Q 62. Rxc5 Qb3+ 63. Rd5 Qb6+ 64. Ke7 Qb7+ 65. Ke6 Qc6+ 66. Ke5 Qe8+
67. Kf4 Qb8+ 68. Ke4 Qb4+ 69. Rd4 Qe7+ 70. Kd5 Qf6 71. Rf4 Kh6 72. Ke4 Kg7 73.
Rg4+ Kf7 74. Rg5 Ke7 75. Kf4 Qd4+ 76. Kg3 Kf6 77. Rh5 Qe3+ 78. Kh2 Qe2+ 0-1

[Event "World Senior 65+ 2014"]
[Site "Katerini GRE"]
[Date "2014.10.28"]
[Round "5.39"]
[White "Chirinos Cabrera, Cleren Jesus"]
[Black "Shamis, Mordehay"]
[Result "1-0"]
[WhiteTitle "CM"]
[WhiteElo "2009"]
[BlackElo "1824"]
[WhiteFideId "3900150"]
[BlackFideId "2808374"]
[EventDate "2014.10.24"]

1. Nf3 Nf6 2. c4 c5 3. g3 Nc6 4. Bg2 g6 5. O-O Bg7 6. Nc3 O-O 7. d3 d5 8. cxd5
Nxd5 9. Ne4 b6 10. Rb1 Nc7 11. Bd2 Bf5 12. Qc1 Bxe4 13. dxe4 e5 14. Bg5 Bf6 15.
Be3 Qe7 16. Re1 Rad8 17. Nd2 Ne6 18. Nf1 Bg7 19. Bh6 Bxh6 20. Qxh6 Qg5 21. Qxg5
Nxg5 22. Ne3 Rd2 23. Kf1 Nb4 24. Nc4 Rd4 25. Nxe5 Nxe4 26. Bxe4 Rxe4 27. Nd7 Re7
28. Nxf8 Kxf8 29. a3 Nc2 30. Red1 Nd4 31. e3 Nf3 32. Kg2 Ne5 33. Rbc1 Rc7 34.
Rd5 Nc6 35. h4 h5 36. f3 Ke7 37. Rcd1 Na5 38. Re5+ Kf6 39. Re4 c4 40. Rc1 b5 41.
g4 Nb3 42. g5+ Kg7 43. Rc2 Rd7 44. Re5 a6 45. a4 Rb7 46. axb5 axb5 47. Rd5 Kf8
48. f4 Ke7 49. f5 gxf5 50. Rf2 f6 51. Rdxf5 b4 52. Rxf6 Rb5 53. g6 1-0

[Event "World Senior 65+ 2014"]
[Site "Katerini GRE"]
[Date "2014.10.28"]
[Round "5.40"]
[White "Zurel, Maxim"]
[Black "Choong, Liong-On Mark"]
[Result "0-1"]
[BlackTitle "CM"]
[WhiteElo "1725"]
[BlackElo "1921"]
[WhiteFideId "816710"]
[BlackFideId "5806410"]
[EventDate "2014.10.24"]

1. e4 c5 2. Nf3 Nc6 3. Bb5 Qc7 4. O-O e6 5. c3 a6 6. Ba4 b5 7. Bc2 Bb7 8. d3 Nf6
9. h3 Be7 10. Bg5 O-O 11. Re1 d6 12. Nbd2 Rfd8 13. Nf1 h6 14. Bf4 Rac8 15. Qe2
e5 16. Bh2 Bf8 17. Ne3 a5 18. Nd5 Nxd5 19. exd5 Ne7 20. c4 Nf5 21. a4 bxc4 22.
dxc4 g6 23. Bxf5 gxf5 24. Nh4 Qe7 25. Nxf5 Qf6 26. Qg4+ Qg6 27. Qf3 Rb8 28. Re4
Kh8 29. Rg4 Qh7 30. Bg3 Bc8 31. Bh4 Qxf5 32. Qg3 Re8 33. Ra3 Qb1+ 34. Kh2 Bxg4
35. Bf6+ Kh7 36. Qxg4 Qg6 37. Qh4 e4 38. Re3 Rb7 39. g4 Be7 40. g5 Bxf6 41. gxf6
Rxb2 42. Rg3 Rxf2+ 43. Kg1 Qxf6 44. Qg4 e3 0-1

[Event "World Senior 65+ 2014"]
[Site "Katerini GRE"]
[Date "2014.10.28"]
[Round "5.41"]
[White "Lukovski, Lev"]
[Black "Booth, Anthony"]
[Result "1-0"]
[WhiteElo "1917"]
[BlackElo "1796"]
[WhiteFideId "4634837"]
[BlackFideId "4302699"]
[EventDate "2014.10.24"]

1. d4 d5 2. Bg5 Bf5 3. e3 c6 4. Bd3 Bxd3 5. Qxd3 Nd7 6. Nd2 Ngf6 7. Ngf3 h6 8.
Bh4 g5 9. Bg3 Bg7 10. c4 Nh5 11. c5 Nxg3 12. hxg3 e5 13. Qc3 Qe7 14. O-O e4 15.
Nh2 f5 16. b4 h5 17. Rab1 Nf6 18. b5 h4 19. bxc6 bxc6 20. gxh4 Ng4 21. Nxg4 fxg4
22. Qb3 Rxh4 23. g3 Rh8 24. Qb7 Qxb7 25. Rxb7 Bf6 26. Rc7 Be7 27. Rxc6 Kf7 28.
Kg2 a5 29. a4 Rab8 30. Rb1 Ra8 31. Rb7 Rhc8 32. Rh6 Rh8 33. Rxh8 Rxh8 34. Nb3
Ra8 35. Na1 Ra6 36. Nc2 Ke8 37. Na3 Bd8 38. Nb5 Rc6 39. Nc3 Rc7 40. Rxc7 Bxc7
41. Nxd5 Bd8 42. Nc3 Kd7 43. Nxe4 Kc6 44. Nc3 Be7 45. Kf1 Bxc5 46. dxc5 Kxc5 47.
Ke2 Kc4 48. Kd2 1-0

[Event "World Senior 65+ 2014"]
[Site "Katerini GRE"]
[Date "2014.10.28"]
[Round "5.42"]
[White "Keze, Arnis"]
[Black "Haupt, Joachim"]
[Result "1-0"]
[WhiteElo "1684"]
[BlackElo "1874"]
[WhiteFideId "4165845"]
[BlackFideId "4698487"]
[EventDate "2014.10.24"]

1. d4 Nf6 2. Nf3 e6 3. c4 d5 4. Bg5 c6 5. Nc3 Nbd7 6. cxd5 exd5 7. e3 Be7 8. Bd3
O-O 9. O-O h6 10. Bf4 Re8 11. Rc1 Nf8 12. h3 Bd6 13. Ne5 Qc7 14. Nb5 Qb8 15.
Nxd6 Qxd6 16. Nxf7 Qb4 17. Nd6 Rd8 18. Nxc8 Raxc8 19. Bf5 Ra8 20. Qc2 Re8 21.
Be5 N8d7 22. f4 Qb6 23. Rf3 Qd8 24. Rg3 Qe7 25. Bxd7 Nh5 26. Rg6 Qxd7 27. g4
Rxe5 28. dxe5 Ng3 29. e6 Qe7 30. f5 Ne4 31. Qg2 Kh7 32. Rf1 Rf8 33. Rf4 Nc5 34.
Qc2 Ne4 35. Rxe4 dxe4 36. Qxe4 Qh4 37. e7 Qe1+ 38. Kh2 Re8 39. Re6 Qf2+ 40. Qg2
Qh4 41. Qg3 Qxg3+ 42. Kxg3 Kg8 43. h4 Kf7 44. Kf4 Rxe7 45. Rxe7+ Kxe7 46. Ke5 a5
47. g5 hxg5 48. hxg5 b5 49. e4 a4 50. Kd4 b4 51. e5 1-0

[Event "World Senior 65+ 2014"]
[Site "Katerini GRE"]
[Date "2014.10.28"]
[Round "5.43"]
[White "Topaloglu, Hayati"]
[Black "Hmooda, Elhabib"]
[Result "0-1"]
[WhiteElo "1848"]
[BlackElo "1718"]
[WhiteFideId "6310338"]
[BlackFideId "9202528"]
[EventDate "2014.10.24"]

1. e4 e6 2. d4 d5 3. Nc3 Bb4 4. e5 Nc6 5. Nf3 Nge7 6. Bd3 Ng6 7. O-O Bxc3 8.
bxc3 Nce7 9. Ng5 c5 10. f4 c4 11. Be2 Qb6 12. Ba3 Nf5 13. Qd2 Qa6 14. Bc1 Bd7
15. g3 h6 16. Nf3 Qa5 17. g4 Nfh4 18. Qe1 Nxf3+ 19. Rxf3 h5 20. g5 Ne7 21. h4 g6
22. Bf1 Ba4 23. Qf2 Bc6 24. Bh3 Bd7 25. Qe1 Nc6 26. Rf1 Ne7 27. Bd2 Nc6 28. a3
O-O 29. Qb1 Rab8 30. Qb2 Nxd4 31. cxd4 Qxd2 32. Rad1 Qe3+ 33. Kh2 c3 34. Qc1
Qe2+ 35. Kg1 Bb5 36. Rf2 Qc4 37. Qb1 Qc6 38. Qb4 Rfc8 39. Rb1 a6 40. Rf3 Ba4 41.
Rf2 b5 42. Bf1 Rc7 43. Bd3 Rbc8 44. Re2 Qa8 45. Qa5 Qa7 46. Rb4 Rc4 47. Bxc4
Qxd4+ 48. Rf2 dxc4 49. Rb1 Bxc2 50. Rc1 Ba4 51. Qxc3 Qb6 52. Rb1 Rd8 53. Kg2 Rd3
54. Qe1 Rxa3 55. Qe4 Qa7 56. Rd2 Kg7 57. Re1 c3 58. Rd8 Ra2+ 59. Re2 Rxe2+ 60.
Qxe2 b4 61. Qd3 Bc6+ 62. Kh3 Qg1 63. Qe2 Qh1+ 64. Kg3 Qg1+ 65. Kh3 Qg4+ 66. Qxg4
hxg4+ 67. Kxg4 c2 0-1

[Event "World Senior 65+ 2014"]
[Site "Katerini GRE"]
[Date "2014.10.28"]
[Round "5.44"]
[White "Susanto, Budhi"]
[Black "Mitsakos, Achilleas"]
[Result "1-0"]
[WhiteElo "1724"]
[BlackElo "1584"]
[WhiteFideId "7104979"]
[BlackFideId "4207726"]
[EventDate "2014.10.24"]

1. d4 Nf6 2. Nf3 g6 3. Bg5 d5 4. e3 Bg7 5. Bd3 Nbd7 6. O-O O-O 7. Nbd2 c5 8. c3
Qc7 9. b3 a6 10. Rc1 b5 11. c4 dxc4 12. bxc4 b4 13. d5 Ne5 14. Nxe5 Qxe5 15. Bf4
Qh5 16. Be2 Qf5 17. Nb3 Nd7 18. Bg4 Qf6 19. Bxd7 Bxd7 20. Nxc5 Be8 21. Ne4 Qf5
22. Ng3 Qd7 23. c5 Bc3 24. c6 Qa7 25. Ne4 e5 26. Bh6 f5 27. Nxc3 Rf6 28. Na4 Rd6
29. Qb3 a5 30. Rfd1 Qc7 31. Nc5 Bf7 32. Ne6 Qe7 33. Bg5 Qa7 34. Bf6 Re8 35. c7
Qa8 36. Bxe5 Rdxe6 37. dxe6 Bxe6 38. Qxe6+ 1-0

[Event "World Senior 65+ 2014"]
[Site "Katerini GRE"]
[Date "2014.10.28"]
[Round "5.45"]
[White "Urbanc, Vinko"]
[Black "Filzmaier, Bruno"]
[Result "1-0"]
[WhiteElo "1849"]
[BlackElo "1846"]
[WhiteFideId "14607425"]
[BlackFideId "1607685"]
[EventDate "2014.10.24"]

1. e4 e6 2. Nc3 d5 3. d4 dxe4 4. Nxe4 Nf6 5. Nxf6+ Qxf6 6. Nf3 h6 7. Be3 Bd6 8.
Qd2 O-O 9. O-O-O Nd7 10. Be2 e5 11. d5 e4 12. Nd4 Ne5 13. h3 Ng6 14. Bg4 Bf4 15.
g3 Bxg4 16. hxg4 Bxe3 17. Qxe3 Qg5 18. Qxg5 hxg5 19. Rh5 f6 20. Re1 Rfd8 21. Ne6
Rd7 22. Rxe4 Re8 23. Nxg5 Rxe4 24. Nxe4 Ne5 25. f4 Nxg4 26. c4 b6 27. Kd2 g6 28.
Rh4 Kg7 29. Rxg4 f5 30. Rg5 fxe4 31. Ke3 Kf6 32. b4 Rh7 33. a4 Rh1 34. Kxe4 Rb1
35. Kd4 Rxb4 36. Re5 Rxa4 37. Re6+ Kf7 38. Rc6 b5 39. Rxc7+ Ke8 40. g4 a5 41. f5
gxf5 42. gxf5 Kd8 43. Rc5 bxc4 44. Rxc4 Ra1 45. Ke5 a4 46. Ke6 a3 47. Ra4 a2 48.
Kd6 Ke8 49. Ra7 Kf8 50. f6 Rf1 51. Rxa2 Rxf6+ 52. Kd7 Rf7+ 53. Kd8 Rf3 54. d6
Rf4 55. Ra5 Rf2 56. d7 Rf1 57. Rc5 1-0